书目信息 |
| 题名: |
文化论衡
|
|
| 作者: | ;国家图书馆 编 | |
| 分册: | ||
| 出版信息: | 北京 国家图书馆出版社 2012.03 |
|
| 页数: | 261页 | |
| 开本: | 25cm | |
| 丛书名: | 讲座丛书 | |
| 单 册: | ||
| 中图分类: | K203-53 | |
| 科图分类: | ||
| 主题词: | 中华文化--文集 , 中华文化 | |
| 电子资源: | ||
| ISBN: | 978-7-5013-4722-3 | |
| 000 | 01089oam2 2200289 450 | |
| 001 | 012012174515 | |
| 005 | 20120626150501.98 | |
| 010 | @a978-7-5013-4722-3@dCNY45.00 | |
| 100 | @a20120419d2012 em y0chiy50 ea | |
| 101 | 0 | @achi |
| 102 | @aCN@b110000 | |
| 105 | @ak z 000yy | |
| 106 | @ar | |
| 200 | 1 | @a文化论衡@9wen hua lun heng@e中国典籍与文化系列讲座十年选萃@f国家图书馆古籍馆《中国典籍与文化》编辑部编 |
| 210 | @a北京@c国家图书馆出版社@d2012.03 | |
| 215 | @a261页@d25cm | |
| 225 | 2 | @a讲座丛书 |
| 308 | @a丛书第二编 | |
| 330 | @a本书收入讲稿14篇。内容涉及文学、史学、哲学、中医等领域。本书以中国传统典籍为中心,引导公众从典籍出发认识中国传统文化。对于传统文化的弘扬,将会起到积极的推动作用。 | |
| 461 | 0 | @12001 @a讲座丛书 |
| 517 | 1 | @a中国典籍与文化系列讲座十年选萃@9zhong guo dian ji yu wen hua xi lie jiang zuo shi nian xuan cui |
| 606 | 0 | @a中华文化@j文集 |
| 606 | 0 | @a中华文化 |
| 690 | @aK203-53@v5 | |
| 711 | 02 | @a国家图书馆@9guo jia tu shu guan@b古籍馆@b中国典籍与文化编辑部@4编 |
| 801 | 0 | @aCN@bRENTIAN@c20120419 |
| 905 | @b540629-33@dK203-53@e138@f5 | |
| 文化论衡:中国典籍与文化系列讲座十年选萃/国家图书馆古籍馆《中国典籍与文化》编辑部编.-北京:国家图书馆出版社,2012.03 |
| 261页;25cm.-(讲座丛书) |
| ISBN 978-7-5013-4722-3:CNY45.00 |
| 本书收入讲稿14篇。内容涉及文学、史学、哲学、中医等领域。本书以中国传统典籍为中心,引导公众从典籍出发认识中国传统文化。对于传统文化的弘扬,将会起到积极的推动作用。 |
| ● |
| 相关链接 |
|
|
|
|
正题名:文化论衡
索取号:K203-53/138
 
预约/预借
| 序号 | 登录号 | 条形码 | 馆藏地/架位号 | 状态 | 备注 |
| 1 | 540629 | 205406292 | 第二样本阅览室/ [索取号:K203-53/138] | 在馆 | |
| 2 | 540630 | 205406309 | 密集书库-史法系/ [索取号:K203-53/138] | 在馆 | |
| 3 | 540631 | 205406318 | 第二借阅区/ [索取号:K203-53/138] | 在馆 | |
| 4 | 540632 | 205406327 | 第二借阅区/ [索取号:K203-53/138] | 在馆 | |
| 5 | 540633 | 205406336 | 第二借阅区/ [索取号:K203-53/138] | 在馆 |